Detalles MARC
| 000 -ENCABEZADO |
| Número de control [NR] |
03547cam a2200313Ii 4500 |
| 005 - FECHA Y HORA DE LA ÚLTIMA TRANSACCIÓN |
| control field |
20180308102228.0 |
| 008 - DE LONGITUD FIJA DE DATOS DE ELEMENTOS - INFORMACIÓN GENERAL |
| Elementos de longitud fija [NR] |
180131s2018 paua rbf 000 0 eng d |
| 020 ## - NUMERO INTERNACIONAL NORMALIZADO PARA LIBROS [R] |
| Número Internacional Normalizado del libro [NR] |
9780323476713 (4a.Ed.) |
| 035 ## - NUMERO DE CONTROL DEL SISTEMA [R] |
| Número de control del sistema [NR] |
(OCoLC)987250371 |
| Numero Cancelado/no válido [R] |
(OCoLC)1002017331 |
| -- |
(OCoLC)1004483116 |
| -- |
(OCoLC)1004800157 |
| -- |
(OCoLC)1004971693 |
| -- |
(OCoLC)1005051738 |
| -- |
(OCoLC)1008909175 |
| -- |
(OCoLC)1011233349 |
| -- |
(OCoLC)1013734360 |
| 040 ## - FUENTE DE CATALOGACION [NR] |
| Agencia de catalogación original [NR] |
CO-BoUCM |
| Idioma de catalogación [NR] |
spa |
| Quien Cataloga |
Sandra Palacio |
| Quien Clasifica |
Sandra Palacio |
| 041 0# - CODIGO DE IDIOMA [R] |
| Código de idioma para texto/pista de sonido o título separado [R] |
Inglés |
| 060 #4 - SIGNATURA TOPOGRAFICA DE LA BIBLIOTECA NACIONAL DE MEDICINA (NLM) [R] |
| Número clasificador [R] |
WG 141.5.C2 |
| 245 04 - MENCION DE TITULO [NR] |
| Título [NR] |
The interventional cardiac catheterization handbook |
| Mención de responsabilidad, etc. [NR] |
editado por Morton J. Kern, Paul Sorajja, Michael J. Lim |
| 250 ## - MENCION DE EDICION [NR] |
| Mención de edición [NR] |
4a. Edición |
| 260 ## - PUBLICACION, DISTRIBUCION, ETC. (PIE DE IMPRENTA) [R] |
| Lugar de publicación, distribución, etc. [R] |
Filadelfia (Pensilvania, Estados Unidos) |
| Nombre del editor, distribuidor, etc. [R] |
Elsevier |
| Fecha de publicación, distribución, etc. [R] |
2018 |
| 300 ## - DESCRIPCION FISICA [R] |
| Extensión [R] |
xvi, 512 páginas |
| Otros detalles físicos [NR] |
ilustraciones |
| 505 0# - NOTA DE CONTENIDO CON FORMATO PREESTABLECIDO [R] |
| Nota de contenido con formato preestablecido [NR] |
The basics of percutaneous coronary interventions / Morton J. Kern -- Vascular access / Morton J. Kern, Arnold H. Seto and Michael Forsberg -- Interventional pharmacology / Arnold H. Seto -- Intravascular lesion assessment : physiology and imaging / Morton J. Kern and Michael J. Lim -- Adjunctive devices for non-balloon coronary interventional techniques and devices : rotational atherectomy, thrombectomy, cutting balloons, and embolic protection / Keval K. Patel, Rahil Rafeedheen, and Tarek Helmy -- Stents, restenosis, and stent thrombosis / Cheng-Han Chen and Ajay J. Kirtane -- Treatment of coronary bifurcations / Emmanouil S. Brilakis, Yves Louvard, Philippe Genereux, Subhash Banerjee -- Percutaneous coronary interventions of chronic total occlusions : getting there from here / Barry F. Uretsky, Emmanouil Brilakis, Mauro Carlino, and Stephane Rinfret -- High risk patients and interventions / Arang Samim and Ryan Berg -- Complications of percutaneous coronary interventions / Michael J. Lim -- Peripheral vascular intervention / Andrew J Klein Ammar Nasir and Pranav M. Patel -- Aortic, renal, subclavian and carotid interventions / Jose D. Tafur and Christopher J. White -- Mitral Stenosis / Paul Sorajja -- Mitral regurgitation / Gagan D. Singh and Jason H. Rogers -- Transcatheter aortic valve replacement and balloon aortic valvuloplasty / Anoop Agrawal and James Hermiller -- Congenital Defects / Ziyad Hijazi -- Pericardiocentesis / Paul Sorajja -- Septal ablation for obstructive hypertrophic cardiomyopathy / Paul Sorajja -- Percutaneous repair of paravalvular prosthetic regurgitation / Paul Sorajja -- Left atrial appendage therapies / Matthew J. Price. |
| 520 ## - NOTA DE RESUMEN, ETC. [R] |
| Nota de sumario, etc. [NR] |
"Packed with useful information, The Interventional Cardiac Catheterization Handbook, 4th Edition, by Drs. Morton J. Kern, Michael J. Lim, and Paul Sorajja, is the perfect hands-on resource for physicians, nurses, and technicians who need to understand and perform these complex procedures. Easy-to-read text, hundreds of clear images, and narrated videos from Dr. Kern ensure that health care workers at all levels have quick access to easily accessible guidelines on procedures and patient care"--Publisher's description. |
| 650 17 - ASIENTO SECUNDARIO DE MATERIA - TERMINO TEMATICO [R] |
| Término temático o nombre geográfico como elemento de entrada [NR] |
Cateterismo cardiaco |
| Subdivisión de forma [R] |
Manuales |
| 9 (RLIN) |
10605 |
| 650 17 - ASIENTO SECUNDARIO DE MATERIA - TERMINO TEMATICO [R] |
| Término temático o nombre geográfico como elemento de entrada [NR] |
Cateterismo cardiaco |
| Subdivisión de forma [R] |
Estudio de casos |
| 9 (RLIN) |
91087 |
| 650 27 - ASIENTO SECUNDARIO DE MATERIA - TERMINO TEMATICO [R] |
| Término temático o nombre geográfico como elemento de entrada [NR] |
Enfermedades cardiovasculares |
| 9 (RLIN) |
7564 |
| Subdivisión general [R] |
Cataterismo |
| 650 27 - ASIENTO SECUNDARIO DE MATERIA - TERMINO TEMATICO [R] |
| Término temático o nombre geográfico como elemento de entrada [NR] |
Enfermedades coronarias |
| 9 (RLIN) |
14291 |
| Subdivisión general [R] |
Cataterismo |
| 700 1# - ASIENTO SECUNDARIO - NOMBRE PERSONAL [R] |
| Nombre personal [NR] |
Kern, Morton J. |
| Término de relación [R] |
editor |
| 9 (RLIN) |
91088 |
| 700 1# - ASIENTO SECUNDARIO - NOMBRE PERSONAL [R] |
| Nombre personal [NR] |
Sorajja, Paul |
| Término de relación [R] |
editor |
| 9 (RLIN) |
91089 |
| 700 1# - ASIENTO SECUNDARIO - NOMBRE PERSONAL [R] |
| Nombre personal [NR] |
Lim, Michael J. |
| Término de relación [R] |
editor |
| 9 (RLIN) |
91090 |
| 856 ## - LOCALIZACION Y ACCESO ELECTRONICOS [R] |
| Identificador Uniforme del Recurso (“URI”) [R] |
<a href="https://expertconsult.inkling.com/read/">https://expertconsult.inkling.com/read/</a> |
| Nota dirigida al público [R] |
Material complementario |
| 942 ## - ELEMENTOS DE ENTRADA AGREGADOS (KOHA) |
| Sistema de clasificación |
NLM |
| Tipo de ítem principal el descrito en 300a |
Libro |
| Tema principal |
Medicina |
| Edición |
4 |
| Clasificación |
WG 141.5.C2 |
| Parte restante de la signatura top. |
I619 |